|
|
|
|
| LEADER |
00000cam a2200000 7i4500 |
| 001 |
0000012052 |
| 005 |
20080401.0 |
| 008 |
071126 |
| 020 |
|
|
|a 9833376894
|
| 090 |
0 |
0 |
|a 352.448023
|b NOO
|
| 100 |
0 |
|
|a Noor Inayah Mohamad
|
| 245 |
1 |
0 |
|a Kerjaya sebagai Pegawai Kastam Diraja Malaysia
|c Noor Inayah Mohamad
|
| 260 |
|
|
|a Pahang :
|b PTS Professional Publishing ,
|c 2005
|
| 440 |
|
|
|a Siri pendidikan kerjaya
|
| 650 |
|
0 |
|a Custom administration
|x Vocational guidance
|
| 650 |
|
0 |
|a Malay fiction
|
| 999 |
|
|
|a 0000923654
|b Book
|c Adult Collection
|e Cawangan Bukit Gambir
|
| 999 |
|
|
|a 0000933058
|b Book
|c Adult Collection
|e Cawangan Tangkak
|
| 999 |
|
|
|a 0000941037
|b Book
|c Adult Collection
|e Cawangan Taman Sri Lambak
|
| 999 |
|
|
|a 0001004150
|b Book
|c Adult Collection
|e Perbadanan Perpustakaan Awam Johor
|
| 999 |
|
|
|a 0001004151
|b Book
|c Adult Collection
|e Cawangan Tmn. Ungku Tun Aminah
|
| 999 |
|
|
|a 0001004152
|b Book
|c Adult Collection
|e Perbadanan Perpustakaan Awam Johor
|
| 999 |
|
|
|a 0001004153
|b Book
|c Adult Collection
|e Perbadanan Perpustakaan Awam Johor
|
| 999 |
|
|
|a 0001004154
|b Book
|c Adult Collection
|e Perbadanan Perpustakaan Awam Johor
|
| 999 |
|
|
|a 0001010900
|b Book
|c Adult Collection
|e Desa - PPAJ
|